000 02588cam a22006134i 4500
003 PE-LiUPU
005 20250731170448.0
008 150706s1998 sp rb 000 0 spa d
020 _a8420639540
020 _a9788420639543
035 _a(Sirsi) i9788420639543
040 _aPE-LiUPU
_bspa
_cPE-LiUPU
_dPE-LiUPU
_erda
049 _aPRUA
082 0 4 _a153.69
_bD19
_221
100 1 _aDavis, Flora,
_eautor.
245 1 3 _aLa comunicación no verbal /
_cFlora Davis.
264 1 _aMadrid :
_bAlianza Editorial,
_c1998.
300 _a270 páginas ;
_c18 centímetros.
336 _atext
_2rdacontent
337 _aunmediated
_2rdamedia
338 _avolume
_2rdacarrier
490 0 _aPsicología ;
_v3600
504 _aIncluye bibliografía.
505 0 _aUna ciencia incipiente -- Indicadores de sexo -- Comportamientos durante el galanteo -- El silencioso mundo del celuloide de la cinesis -- El cuerpo en el mensaje -- Saludos de un primate muy antiguo -- El rostro humano -- Lo que dicen los ojos -- La danza de las manos Mensajes a distancia y en proximidad -- La interpretación de la postura -- Ritmos culturales -- Los ritmos de los encuentros humanos -- Comunicación por el olfato -- Comunicación por el tacto -- Las lecciones por el útero -- El código no verbal de los niños -- Indicadores del carácter -- El orden del público -- El arte de conversar -- El futuro.
526 _aSEG68
526 _aSEG70
526 _aSEG69
526 _aSEG67
526 _aSEG43
526 _aP144
526 _aP143
526 _aP131
526 _aP122
526 _aP120
526 _aP117
526 _aP112
526 _aP110
526 _aP106
526 _aP101
526 _aP80
526 _aP59
526 _aP54
526 _aP35
526 _aP33
526 _aP30
541 _g001-000794;
650 0 4 _aComunicación no verbal.
910 _agl
_bjv
_cng
_d20091214
942 _2ddc
_cBOOK
949 _aPTF 153.69 D19
_wDEWEY
_c1
_i60808
_d2016-12-5
_e2016-11-29
_lCCODEBUL1
_mBUL
_n1
_p17.00
_r0
_sY
_tBOOK
_u2015-7-6
_xEDUCACION
_PP54
_0COMPRA
_o.CIRCNOTE. No olvidar cambiar la fecha de devolución!!!!!!!
_o.STAFF. Colección Ciencias de la Salud
994 _aC0
_bPEPRU
596 _a1
999 _aPTF 153.69 D19
_wDEWEY
_c50186
_i60808
_d50186
_e2019-10-28
_f2021-11-3
_g5
_lCCODEBUL1
_mBUL
_n5
_p17.00
_q4
_r0
_sY
_tBOOK
_u2015-7-6
_xSALUD
_zUNKNOWN
_0COMPRA
_o.CIRCNOTE. No olvidar cambiar la fecha de devolución!!!!!!!
_o.STAFF. Colección General
980 _81
_gALBERTO SANCHEZ Responsable de Automatización